Calculus : (Record no. 284)

MARC details
000 -LEADER
fixed length control field 01140cam a2200301 a 4500
001 - CONTROL NUMBER
control field 14108757
003 - CONTROL NUMBER IDENTIFIER
control field OSt
005 - DATE AND TIME OF LATEST TRANSACTION
control field 20191007140922.0
008 - FIXED-LENGTH DATA ELEMENTS--GENERAL INFORMATION
fixed length control field 050915s2007 maua 001 0 eng
010 ## - LIBRARY OF CONGRESS CONTROL NUMBER
LC control number 2005933918
020 ## - INTERNATIONAL STANDARD BOOK NUMBER
International Standard Book Number 0618606246
040 ## - CATALOGING SOURCE
Original cataloging agency DLC
Transcribing agency DLC
Modifying agency DLC
050 00 - LIBRARY OF CONGRESS CALL NUMBER
Classification number QA303.2
Item number .L368 2007
082 ## - DEWEY DECIMAL CLASSIFICATION NUMBER
Classification number 515 LAR 2007
100 1# - MAIN ENTRY--PERSONAL NAME
Personal name Larson, Ron; Hostetler, Robert P.; Edwards, Bruce H.
Dates associated with a name 1941-
9 (RLIN) 758
245 10 - TITLE STATEMENT
Title Calculus :
Remainder of title early transcendental functions
250 ## - EDITION STATEMENT
Edition statement 4th ed.
260 ## - PUBLICATION, DISTRIBUTION, ETC. (IMPRINT)
Place of publication, distribution, etc. Boston :
Name of publisher, distributor, etc. Houghton Mifflin,
Date of publication, distribution, etc. c2007.
300 ## - PHYSICAL DESCRIPTION
Extent xxiii, 1138, 172 p. :
Other physical details ill. (some col.) ;
Dimensions 28 cm.
500 ## - GENERAL NOTE
General note Includes index.
650 #0 - SUBJECT ADDED ENTRY--TOPICAL TERM
Topical term or geographic name as entry element Calculus
9 (RLIN) 759
856 42 - ELECTRONIC LOCATION AND ACCESS
Materials specified Contributor biographical information
Uniform Resource Identifier <a href="http://www.loc.gov/catdir/enhancements/fy1104/2005933918-b.html">http://www.loc.gov/catdir/enhancements/fy1104/2005933918-b.html</a>
856 42 - ELECTRONIC LOCATION AND ACCESS
Materials specified Publisher description
Uniform Resource Identifier <a href="http://www.loc.gov/catdir/enhancements/fy1104/2005933918-d.html">http://www.loc.gov/catdir/enhancements/fy1104/2005933918-d.html</a>
856 41 - ELECTRONIC LOCATION AND ACCESS
Materials specified Table of contents only
Uniform Resource Identifier <a href="http://www.loc.gov/catdir/enhancements/fy1214/2005933918-t.html">http://www.loc.gov/catdir/enhancements/fy1214/2005933918-t.html</a>
906 ## - LOCAL DATA ELEMENT F, LDF (RLIN)
a 7
b cbc
c orignew
d 3
e epcn
f 20
g y-gencatlg
942 ## - ADDED ENTRY ELEMENTS (KOHA)
Source of classification or shelving scheme Other/Generic Classification Scheme
Koha item type Book Bank
Holdings
Withdrawn status Lost status Source of classification or shelving scheme Damaged status Not for loan Home library Current library Date acquired Source of acquisition Inventory number Total Checkouts Full call number Barcode Date last seen Koha item type Date last checked out
    Dewey Decimal Classification     MUST Main Library MUST Main Library 24/07/2014 Purchase 11/33511 1 515 LAR 2007 2014-1468 04/05/2021 Book Bank 03/03/2021
    Dewey Decimal Classification     MUST Main Library MUST Main Library 24/07/2014 Purchase 11/33509   515 LAR 2007 2014-1470 24/07/2014 Book Bank  
    Dewey Decimal Classification     MUST Main Library MUST Main Library 24/07/2014 Purchase 11/33515   515 LAR 2007 2014-1471 24/07/2014 Book Bank  
    Dewey Decimal Classification     MUST Main Library MUST Main Library 25/07/2014 Purchase 11/33508 2 515 LAR 2007 2014-1477 08/12/2023 Open Shelf 30/10/2021
    Dewey Decimal Classification     Main Kihumuro Campus Main Kihumuro Campus 24/07/2014 Purchase 11/33507   515 LAR 2007 2014-1465 24/07/2014 Book Bank  
    Dewey Decimal Classification     Main Kihumuro Campus Main Kihumuro Campus 24/07/2014 Purchase 11/33513   515 LAR 2007 2014-1466 24/07/2014 Book Bank  
    Dewey Decimal Classification     Main Kihumuro Campus Main Kihumuro Campus 24/07/2014 Purchase 11/33514   515 LAR 2007 2014-1467 24/07/2014 Book Bank  
    Dewey Decimal Classification     Main Kihumuro Campus Main Kihumuro Campus 24/07/2014 Purchase 11/33512   515 LAR 2007 2014-1469 24/07/2014 Book Bank  
    Dewey Decimal Classification     Main Kihumuro Campus Main Kihumuro Campus 25/07/2014 Purchase 11/33506   515 LAR 2007 2014-1478 25/07/2014 Book Bank